Statistics for India Quiz

Click here to take the quiz!

General Stats

  • This quiz has been taken 14 times
  • The average score is 6 of 10

Answer Stats

QuestionAnswer% Correct
Who is the first Prime Minister of IndiaJawahar Lal Nehru
92%
Who is known as the Father of NationMohan Das Karam Chand Gandhi
85%
Who is the richest man in India?Mukesh Ambani
85%
Who is the current Speaker of India (As Per 2020)Om Birla
69%
Which of the following is the youngest state in IndiaTelangana
62%
On which day did Janta Curfew implement in India22 March 2020
46%
Eden Gardens is situated inKolkata
46%
Area of India is3.28m km
38%
How many states are there in India28
31%
How many states are part of 7 sisters of India?8
0%

Score Distribution

Percentile by Number Answered

Percent of People with Each Score

Your Score History

You have not taken this quiz